000 00929nam a2200265 i 4500
003 DO-SdBNP
005 20251017091848.0
007 ta
008 251017b2022 dr ||||| |||| 00| 0 spa d
040 _aDO-SdBNP
_bspa
_cBNPHU
_erda
041 _aspa
082 4 _axxx
_bM878r
_222
100 1 _aMorrison, Eglenin,
_4aut.
_eautor
_988712
245 1 0 _aRepensando el Estado dominicano :
_buna visión de país /
_cEglenin Morrison ; prólogo, Daniel Ivoskus.
250 _aPrimera edición
264 4 _aSanto Domingo, República Dominicana :
_bEditorial Cosme Perez,
_c©2022.
300 _a409 páginas ;
_c23 cm.
336 _atexto
_btxt
_2rdacontent
337 _asin mediación
_bn
_2rdamedia
338 _avolumen
_bnc
_2rdacarrier
500 _aIncluye datos biográficos de la autora en la contracubierta.
590 _aInventariado, 2025 / LP
700 _aIvoskus, Daniel
_eprologuista
_4pr.
_974529
942 _2ddc
_cLBS1
999 _c59977
_d59977